Evaluación comparativa del diseño de muros de corte de mampostería del Código Sísmico de Costa Rica 2010 revisión 2014 y propuesta de cambio
Guardado en:
| Hovedforfatter: | |
|---|---|
| Andre forfattere: | |
| Format: | Bog |
| Sprog: | Spanish |
| Udgivet: |
[San José], Costa Rica
2020
|
| Fag: | |
| Tags: |
Tilføj Tag
Ingen Tags, Vær først til at tagge denne postø!
|
MARC
| LEADER | 00000nam a2200000Ia 4500 | ||
|---|---|---|---|
| 003 | 013243 | ||
| 005 | 20230526102027.0 | ||
| 008 | 140116s2020 cr a 000 ||spa d | ||
| 040 | |c cru CEDI | ||
| 100 | |a Rodríguez Arce, Diego, 1994- |9 194 | ||
| 245 | |a Evaluación comparativa del diseño de muros de corte de mampostería del Código Sísmico de Costa Rica 2010 revisión 2014 y propuesta de cambio | ||
| 260 | |a [San José], Costa Rica |c 2020 | ||
| 500 | |a Proyecto de graduación(licenciatura en ingeniería civil)--Universidad de Costa Rica. Facultad de Ingeniería. Escuela de Ingeniería Civil | ||
| 501 | |a Director de Proyecto de Graduación: MSc. Álvaro Poveda Vargas | ||
| 650 | |x CONSTRUCCIONES ANTISISMICAS - DISEÑO |x DISEÑO DE ESTRUCTURAS |x RESISTENCIA DE MATERIALES |x MOMENTO DE FLEXION |x ESFUERZO CORTANTE |x MUROS - DISEÑO Y CONSTRUCCION |x CODIGO SISMICO - COSTA RICA - NORMAS | ||
| 700 | |a Poveda Vargas, Álvaro Enrique, 1955- |d Director del TFG |9 264 | ||
| 942 | |c CEDI |h TFG 8394 |6 TFG_8394_000000000000000 | ||
| 999 | |c 13231 |d 13231 | ||
